| Tag |
First Indicator |
Second Indicator |
Subfields |
| LEADER |
00000cem a22000007a 4500 |
| 001 |
in00002775421 |
| 005 |
20150922114918.0 |
| 007 |
aj canzn |
| 008 |
120912s1983 ncu a 1 eng |
| 034 |
1 |
|
|a a
|b 20000
|
| 040 |
|
|
|d UtOrBLW
|
| 052 |
|
|
|a 3904
|b A3
|
| 052 |
|
|
|a 3903
|b S6
|
| 090 |
|
|
|a G3904.A3 1983
|b .C41
|
| 110 |
2 |
|
|a Champion Map Corporation.
|
| 245 |
1 |
0 |
|a Champion map of Albemarle, N.C., and Stanly County /
|c [prepared for] Stanly County Chamber of Commerce.
|
| 255 |
|
|
|a Scale [ca. 1:20,000].
|
| 264 |
|
1 |
|a Charlotte, N.C. :
|b Champion Map Corp.,
|c [1983]
|
| 264 |
|
4 |
|c ©1983
|
| 300 |
|
|
|a 1 map :
|b color ;
|c 53 x 50 cm., on sheet 92 x 61 cm., folded to 11 x 23 cm.
|
| 336 |
|
|
|a cartographic image
|b cri
|2 rdacontent
|
| 337 |
|
|
|a unmediated
|b n
|2 rdamedia
|
| 338 |
|
|
|a sheet
|b nb
|2 rdacarrier
|
| 500 |
|
|
|a Shows radial distances.
|
| 500 |
|
|
|a Includes notes, indexes, business directory, and advertisements.
|
| 500 |
|
|
|a Map of Stanly County with 7 village insets, notes, county insigne, ill., and advertisements on verso.
|
| 500 |
|
|
|a Cartographic material.
|
| 651 |
|
0 |
|a Albemarle (N.C.)
|v Maps.
|
| 651 |
|
0 |
|a Stanly County (N.C.)
|v Maps.
|
| 948 |
|
|
|a needs original cataloging
|c 2012/9/12
|e smckenzi
|
| 999 |
|
|
|a MARS
|
| 999 |
f |
f |
|s 9e76bb09-6fbd-3f56-87ec-88801b988093
|i f11509f5-d926-39e6-8e8f-427b305c5f65
|t 0
|
| 952 |
f |
f |
|p normal
|a Texas A&M University
|b College Station
|c Sterling C. Evans Library
|d Evans: Maps (2nd floor)
|t 0
|e G3904.A3 1983 .C41
|h Library of Congress classification
|i unmediated -- sheet
|m A14841392374
|
| 998 |
f |
f |
|a G3904.A3 1983 .C41
|t 0
|l Evans: Maps (2nd floor)
|